Etude paléontologique et stratigraphique du Dévonien de l'Afghanistan; contribution à la connaissance des Brachiopodes et des polypiers rugueux.

Saved in:
நூற்பட்டியல் விவரங்கள்
தலைமை எழுத்தாளர்: Brice, D.
வடிவம்: புத்தகம்
மொழி:French
வெளியீடப்பட்டது: Paris, Muséum national d'histoire naturelle, 1970.
தொகுதி:Notes et mémoires sur le Moyen-Orient, t. 11
பகுதிகள்:
குறியீடுகள்: குறிச்சொல் இணை
குறியீடுகள் இல்லை, இந்த குறிச்சொல்லை முதலில் பதிவு செய்யுங்கள்!
LEADER 01131nam a22002411 4500
001 MIU01-001994708
003 MiU
005 19900614000000.0
008 900614s1970 fr |||||||||||||||||fre|d
035 |a (CaOTULAS)176895078 
035 |a (SAZTEC)109807000 
035 |a (OCoLC)ocm07808453 
038 |a MiU 
040 |c SAZTEC 
100 1 |a Brice, D.  |q (Denise) 
245 1 0 |a Etude paléontologique et stratigraphique du Dévonien de l'Afghanistan;  |b contribution à la connaissance des Brachiopodes et des polypiers rugueux. 
260 |a Paris,  |b Muséum national d'histoire naturelle,  |c 1970. 
300 |a 364 p.  |b illus., 20 plates. 
490 0 |a Notes et mémoires sur le Moyen-Orient,  |v t. 11 
504 |a Includes bibliography. 
588 |a This bibliographic record is available under the Creative Commons CC0 public domain dedication. The University of Michigan Libraries, as creator of this bibliographic record, has waived all rights to it worldwide under copyright law, including all related and neighboring rights, to the extent allowed by law. 
650 0 |a Brachiopoda, Fossil  |z Afghanistan. 
650 0 |a Paleontology  |y Devonian